| 000 | 00374nam a2200109Ia 4500 | ||
|---|---|---|---|
| 008 | 230907s9999||||xx |||||||||||||| ||und|| | ||
| 082 |
_a658.26 _bRUS |
||
| 100 |
_aRussell, Christopher _9118039 |
||
| 245 |
_aManaging energy from the top down: connecting industrial energy efficiency to business performance / _cChristopher Russell. |
||
| 260 | _c2019-09-27 | ||
| 942 |
_2ddc _cEB |
||
| 999 |
_c599652 _d599652 |
||